Statistics for Baseball Word Chain

Click here to take the quiz!

General Stats

  • This quiz has been taken 5,168 times
  • The average score is 16 of 22

Answer Stats

Hint Answer % Correct
City home to the MarinersSeattle
96%
Fielding award: ____ GloveGold
94%
Brooklyn's former teamDodgers
93%
The E in ERAEarned
91%
Park where the Red Sox playFenway
89%
The D in DHDesignated
87%
State where the Cactus League happensArizona
87%
Suburb where the Angels playAnaheim
84%
Word that comes after "hey batter batter"Swing
82%
The Phillie Phanatic, for exampleMascot
80%
Slang for a left-handed playerSouthpaw
77%
Team that plays at Camden YardsOrioles
75%
To swing and missWhiff
68%
Nickname of Goslin and GossageGoose
67%
Word that comes before "innings"
or "base hit"
Extra
66%
Best fish-named player of all-timeTrout
64%
Pitcher who won 511 gamesYoung
59%
Pitcher's hand-dryer: _____ BagRosin
58%
Last name of Sandy and RobertoAlomar
58%
The Big HurtThomas
52%
Knuckleballing brothers Phil and JoeNiekro
49%
Former Phillies player known as "Nails"Dykstra
29%

Score Distribution

Percentile by Number Answered

Percent of People with Each Score

Your Score History

You have not taken this quiz